| 000 | 00000nam##2200000za#4500 |
| 001 | 9.576561 |
| 003 | CaOODSP |
| 005 | 20220623125949 |
| 007 | cr ||||||||||| |
| 008 | 150406|2008||||xxc|||||o f|0| 0 eng|d |
| 040 | |aCaOODSP|beng |
| 043 | |an-cn--- |
| 086 | 1 |aH117-5/27-2008E-PDF |
| 110 | 1 |aCanada. |bCanadian Institute for Health Information. |
| 245 | 10|aCaring for nursing home residents with behavioural symptoms : |h[electronic resource]|binformation to support a quality response |
| 260 | |aOttawa - Ontario : |bCanadian Institute for Health Information |cMarch 2008. |
| 300 | |a20p.|bfigs., graphs, references, tables |
| 490 | 1 |aAnalysis in brief |
| 590 | |a13-12-Supp|b2013-05-10 |
| 775 | 08|tDe l'information pour une intervention de qualité : |w(CaOODSP)9.605682 |
| 830 | #0|aAnalysis in brief (Statistics Canada)|w(CaOODSP)9.506985 |
| 856 | 40|ahttp://publications.gc.ca|qPDF|s241 KB|uhttps://publications.gc.ca/collections/collection_2013/icis-cihi/H117-5-27-2008-eng.pdf |